00760cam a22002533a 45000010005000000030006000050050017000110080041000280400015000690420007000840500007000911000028000982450048001262600029001745060030002035160020002336530024002536530037002776530027003146530027003416530069003688300028004378560041004652858PGUSA20140828083022.0060327s2006||||xxu|||||s|||||000 1 eng d aPGUSAbeng adc 4aPS1 aHarte, Bret,d1836-190210aCressyh[electronic resource] /cBret Harte bProject Gutenberg,c2006 aPublic domain in the USA. aElectronic text aTeachers -- Fiction aAmerican fiction -- 19th century aYoung women -- Fiction aSchoolgirls -- Fiction aCalifornia -- Social life and customs -- 19th century -- Fiction 0aProject Gutenbergv285840uhttp://www.gutenberg.org/ebooks/2858